परिचय नहीं पाया / (Record no. 117063)

MARC details
000 -LEADER
fixed length control field 01280nam a22002897a 4500
003 - CONTROL NUMBER IDENTIFIER
control field dpl
005 - DATE AND TIME OF LATEST TRANSACTION
control field 20181115162559.0
008 - FIXED-LENGTH DATA ELEMENTS--GENERAL INFORMATION
fixed length control field 181115b ||||| |||| 00| 0 eng d
010 ## - LIBRARY OF CONGRESS CONTROL NUMBER
LC control number A-692366
020 ## - INTERNATIONAL STANDARD BOOK NUMBER
Terms of availability 90.00
International Standard Book Number 8170432669
035 ## - SYSTEM CONTROL NUMBER
System control number A-692366
037 ## - SOURCE OF ACQUISITION
Source of stock number/acquisition Cen Lib/Ret
040 ## - CATALOGING SOURCE
Original cataloging agency DPL
Language of cataloging HN
Transcribing agency 0
082 ## - DEWEY DECIMAL CLASSIFICATION NUMBER
Classification number
Item number मित्रग
100 ## - MAIN ENTRY--PERSONAL NAME
Personal name मित्र, गजेन्द्र कुमार
9 (RLIN) 45280
245 ## - TITLE STATEMENT
Title परिचय नहीं पाया /
Statement of responsibility, etc गजेन्द्र कुमार मित्र ; अनुवादक आशा गुप्ता
246 ## - VARYING FORM OF TITLE
Title proper/short title Parichya nahi paya /
Remainder of title by Gajendra Kumar Mitr ; anuvada Asha Gupta
260 ## - PUBLICATION, DISTRIBUTION, ETC. (IMPRINT)
Place of publication, distribution, etc दिल्ली
Name of publisher, distributor, etc आत्माराम एंड संस
Date of publication, distribution, etc 1994
270 ## - ADDRESS
Address कश्मीरी गेट
City दिल्ली
Postal code 110006
300 ## - PHYSICAL DESCRIPTION
Extent 176पृ.
Dimensions 19सेमी (सजिल्द )
650 ## - SUBJECT ADDED ENTRY--TOPICAL TERM
Topical term or geographic name as entry element बांग्ला साहित्य
General subdivision
Geographic subdivision
9 (RLIN) 45844
650 ## - SUBJECT ADDED ENTRY--TOPICAL TERM
Topical term or geographic name as entry element बांग्ला साहित्य
Form subdivision
General subdivision कहानियां
9 (RLIN) 69878
650 ## - SUBJECT ADDED ENTRY--TOPICAL TERM
Topical term or geographic name as entry element Bangla literature
9 (RLIN) 69879
650 ## - SUBJECT ADDED ENTRY--TOPICAL TERM
Topical term or geographic name as entry element Bangla literature
General subdivision stories
9 (RLIN) 69880
700 ## - ADDED ENTRY--PERSONAL NAME
Personal name गुप्ता, आशा
9 (RLIN) 69881
942 ## - ADDED ENTRY ELEMENTS (KOHA)
Source of classification or shelving scheme Dewey Decimal Classification
Koha item type Hindi Books
Classification part
Call number suffix मित्रग
Holdings
Withdrawn status Lost status Damaged status Not for loan Home library Current library Date acquired Source of acquisition Cost, normal purchase price Total Checkouts Full call number Barcode Date last seen Copy number Cost, replacement price Price effective from Koha item type Public note Source of classification or shelving scheme Collection code Date checked out
Written off       Central Library Central Library 26/08/2015 Cen Lib/Ref 90.00   क मित्रग A-692347 26/08/2015 1 90.00 26/08/2015 Hindi Books Written off on approval by DLB (By Circulation); dtd 15-06-2023      
Written off       Central Library Central Library 26/08/2015 Cen Lib/Ref 90.00   क मित्रग A-692346 26/08/2015 1 90.00 26/08/2015 Hindi Books Written off on approval by DLB (By Circulation); dtd 20.12.2022      
        Shahdara Branch Shahdara Branch 15/11/2018 BPPD/PUB 90.00 1 क मित्रग A-692366 21/10/2025   90.00 15/11/2018 Hindi Books   Dewey Decimal Classification Fiction 10/09/2025
        Yojana Vihar Yojana Vihar 22/08/2019 BPPD/PUB 90.00   क मित्रग A-692368 22/08/2019   90.00 22/08/2019 Hindi Books   Dewey Decimal Classification Fiction  

© Delhi Public Library
Hit Counter
free hit counter